| 000 | nam a22 a 4500 | ||
|---|---|---|---|
| 999 |
_c2520 _d2520 |
||
| 003 | AKMAL | ||
| 005 | 20170517103408.0 | ||
| 008 | 170517t1998 my 00 eng d | ||
| 020 |
_a9679988058: _cRM 120.00 |
||
| 040 |
_aAKMAL _cAKMAL |
||
| 049 | 0 | 0 | _amal |
| 082 | 0 | 4 | _a616.398 PAL |
| 090 | 0 | 0 |
_a616.398 _bPAL |
| 100 | 1 |
_aPalaniappan, V. M., _d1938- _92973 |
|
| 245 | 1 | 0 |
_aObesity causes, cure and prevention / _cV. M. Palaniappan |
| 260 |
_aPetaling Jaya : _bEcohealth, _c1998 |
||
| 300 | 0 | 0 |
_a466p. : _bcol. ill. ; _c24cm |
| 440 | 0 |
_aEcological healing system. _pthesis and hypothesis ; _vno. 1 _95237 |
|
| 504 | _aIncludes bibliographical references and index | ||
| 521 | _aIntended Audience: Adult | ||
| 650 | 0 |
_aAlternative medicine _92974 |
|
| 650 | 0 |
_aHealth _92975 |
|
| 650 | 0 |
_aObesity _95238 |
|
| 942 |
_2ddc _cBOOK |
||